00278nam a22000977a 4500008004100000040005500041080001400096245002100110260003800131300001100169240911b |||||||| |||| 00| 0 eng d aNational Science LibrarycNational Science Library a582bK5.3 aGenera plantarum aLondini: bL Reeve and Co, d1965 a1258p.